Geografia europea con la lettera R - Statistics

Statistiche generali
  • Questo quiz è stato fatto 165 volte
  • Il punteggio medio è 13 su 20
Statistiche sulle risposte
DOMANDA RISPOSTA % Corretto
La città eterna Roma
98%
Capitale lettone Riga
95%
Il suo presidente ha sede nel Cremlino Russia
92%
Nazione a nord della Bulgaria Romania
90%
Isola greca dove c'era il famoso Colosso Rodi
86%
Il fiore della guerra tra York e Lancaster Rosa
85%
La capitale più a nord del mondo Reykjavik
83%
La moneta della nazione di sopra Rublo
78%
Il fiume che separava l'Impero Romano dai popoli germanici Reno
76%
Il più trafficato dei porti europei Rotterdam
69%
La città dei mosaici Ravenna
68%
Una delle lingue ufficiali della Svizzera Reto/Romancio
65%
Vi si riunisce il parlamento tedesco Reichstag
46%
Regione francese: Alvernia-.........-Alpi Rodano
45%
Monet vi dipinse una serie di dipinti della sua cattedrale Rouen
35%
L'Hotel lussuosissimo che lasciò Diana prima della sua morte Ritz
33%
La capitale della Lapponia Rovaniemi
32%
La più grande agglomerazione urbana tedesca Ruhr
31%
La più grande città sulle rive del Don Rostov
25%
Strada circolare del centro di Vienna Ring
18%
Nessun quiz corrispondente trovato
Distribuzione punteggi
Percentuale di utenti per punteggio
Percentile per numero di risposta
I tuoi punteggi nel tempo
Non hai fatto questo quiz